00312nam a2200133Ia 4500003000400000005001700004008004100021020001700062040002000079100001300099245004000112260001700152260000900169OSt20240222115109.0170524s9999 xx 000 0 und d a9393316074,  cIIMT UNIVERSITY aKaur- H. 0aTheory & Pratice of Home Management bSurjeet Pub. c2004